For praxis: the problem of how to investigate reality in order to transform it
Spremljeno u:
| Glavni autor: | |
|---|---|
| Format: | Tekst |
| Jezik: | Spanish |
| Izdano: |
Cartagena:
A.I.S.
|
| Oznake: |
Dodaj oznaku
Bez oznaka, Budi prvi tko označuje ovaj zapis!
|
MARC
| LEADER | 00000 a a2200000 04500 | ||
|---|---|---|---|
| 001 | 16695 | ||
| 003 | cru CIDCACS/IIS | ||
| 005 | 20231024154227.0 | ||
| 008 | 231024b |||||||| |||| 00| 0 spa d | ||
| 040 | |c cru CIDCACS/IIS | ||
| 090 | |a 05.01.01 F197f | ||
| 100 | |a Fals Borda, Orlando | ||
| 245 | |a For praxis: the problem of how to investigate reality in order to transform it | ||
| 260 | |a Cartagena: |b A.I.S. | ||
| 300 | |a 57 p. | ||
| 942 | |2 z |c LI |h 05.01.01 F197f |i 07762 |6 050101_F197F_07762 | ||
| 999 | |c 1798 |d 1798 | ||
